01548nab a22002177a 4500003000400000005001700004008004100021040000700062100002900069245027700098260007300375300001600448500008400464505045900548505008901007650002301096650002901119650002001148653002801168773013401196OSt20250209212212.0190603e xxum|||| |||| 00| 0 spa d cPJ aFurundarena, Mariano D. 10a La declaración de inconstitucionalidad de oficio y el principio de congruencia. Análisis de la doctrina legal de la Suprema Corte de la Provincia de Buenos Aires en materia de actualización monetaria sentada en el caso "Barrios" /cMariano D. Furundarena.  cCiudad Autónoma de Buenos Aires :aThomson Reuters La Ley, b2025. ap. 267-278. aCita Online: TR LALEY AR/DOC/29/2025. Publicado en: RCCyC 2025 (febrero) , 267. a Sumario: I. Introducción.— II. La doctrina legal sentada en el caso "Barrios".— III. El principio de congruencia y la pretensión procesal.— IV. En principio de congruencia y la declaración de inconstitucionalidad de oficio.— V. La declaración de inconstitucionalidad de oficio de la prohibición de indexar.— VI. Las conclusiones de las XXIX Jornadas Nacionales de Derecho Civil sobre el tema en análisis.— VII. Palabras finales.  t¿Te interesa el texto completo? Solicitalo al correo: koha@justierradelfuego.gov.ar 0aCONSTITUCIONALIDAD 0aPRINCIPIO DE CONGRUENCIA 0aCONVERTIBILIDAD aACTUALIZACION MONETARIA0 02713dCiudad Autónoma de Buenos Aires : Thomson Reuters La Ley, 2015-tRevista Código Civil y Comercial. Nº 1 - Febrero 2025